[Event "Nuremberg op"]
[Site "Nuremberg"]
[Date "2019.11.16"]
[Round "2"]
[White "Vilinski, Mark"]
[Black "Berg, Winfried"]
[Result "0-1"]
[WhiteElo "1251"]
[BlackElo "1572"]
[PlyCount "70"]
[EventDate "2019.11.15"]
[EventType "swiss"]
[EventRounds "5"]
[EventCountry "GER"]
[SourceTitle "CBM 193 Extra"]
[Source "ChessBase"]
[SourceDate "2020.01.31"]
[SourceVersion "1"]
[SourceVersionDate "2020.01.31"]
[SourceQuality "1"]

1. e4 d5 2. exd5 Nf6 3. d4 Nxd5 4. Nf3 g6 5. c4 Nb6 6. Be3 Bg7 7. Qd2 Bg4 8. Be2 Nc6 9. d5 Bxf3 10. gxf3 Ne5 11. Na3 0-0 12. Bh6 c6 13. Bxg7 Kxg7 14. Qd4 f6 15. Rd1 Qc7 16. d6 exd6 17. Qxd6 Qxd6 18. Rxd6 Rad8 19. Rxd8 Rxd8 20. 0-0 Rd2 21. f4 Rxe2 22. fxe5 Rxe5 23. Rd1 Re7 24. c5 Na4 25. b4 Nc3 26. Rd2 Kf7 27. Nc4 Nd5 28. a3 f5 29. Nd6+ Kf6 30. Nc8 Re1+ 31. Kg2 a6 32. Rd4 Ra1 33. Nd6 g5 34. Nxb7 Nf4+ 35. Kf3 Rxa3+ 0-1